000 01090naa a22002897a 4500
001 BR8804177
003 BR-BrBNA
005 20240918180228.0
007 ta
008 230509b bl.||||| |||| 00| 0 por d
040 _aBR-BrBNA
_bpor
_cBiblioteca Nacional de Agricultura
041 _a(Pt)
072 _aF03
_b1740
_b3575
090 _aF03 BR8804177
100 1 _aThomazelli, L.F.
111 1 _aSeminarios de Olericultura
_cVicosa, MG (Brazil)
_d1986
245 1 _aInfluencia do peso e espacamento do bulbo na producao de semente de cebola (Allium cepa L.)
260 3 _aVicosa, MG (Brasil):
_c1986.
500 _aBustamante, P.G.; Casali, V.W.D. (coords.) Seminarios de Olericultura Vicosa, MG (Brasil): 1986. p. 97-124 (BR8804177-AM)F03
650 _aCEBOLA
650 _aBULBO
650 _aSEMENTE
650 _aESPACAMENTO
773 0 _tSeminarios de olericultura
_aBustamante, P.G.; Casali, V.W.D. (eds.)- Universidade Federal de Vicosa, MG (Brasil)
_w1740 BR8706730
_gVicosa, MG (Brasil), 1985.
_qv. 11
909 _a202404
_bLucia
_c55
_dLucia Elande
942 _cAM
_2AGRIS
999 _c319442
_d319442